Vplyv zavedenia eura na bankový sektor

Predpoklady štruktúrnych a cyklických vplyvov na ziskovosť bankového sektora (1994-2003). Efekt otvorenosti ekonomiky. Panelové odhady vplyvu zavedenia eura na bankový sektor vybraných krajín (1986-2006). Efekty zavedenia eura v krajinách eurozóny. Možné efekty eura na ziskovosť slovenského bankové...

Descrizione completa

Salvato in:
Dettagli Bibliografici
Autore principale: Benčík, Michal
Altri autori: Tatierska, Sandra
Natura: Capitolo di libro
Lingua:slovacco
Soggetti:
Tags: Aggiungi Tag
Nessun Tag, puoi essere il primo ad aggiungerne!!

MARC

LEADER 00000naa$a2200000$$$4500
001 0080271
005 20231116084926.5
041 0 |a slo 
044 |a SK 
245 1 0 |a Vplyv zavedenia eura na bankový sektor  |c Michal Benčík, Sandra Tatierska 
520 |a Predpoklady štruktúrnych a cyklických vplyvov na ziskovosť bankového sektora (1994-2003). Efekt otvorenosti ekonomiky. Panelové odhady vplyvu zavedenia eura na bankový sektor vybraných krajín (1986-2006). Efekty zavedenia eura v krajinách eurozóny. Možné efekty eura na ziskovosť slovenského bankového sektora. 
610 2 0 |a bankovníctvo 
610 2 0 |a eurozóna 
610 2 0 |a euro 
610 2 0 |a zisk ekonomický 
610 2 0 |a analýza korelačná 
610 2 0 |a miera úroková 
610 2 0 |a Európska menová únia 
100 1 |a Benčík, Michal 
700 1 |a Tatierska, Sandra